<?xml version="1.0" encoding="UTF-8"?>
<record
    xmlns:xsi="http://www.w3.org/2001/XMLSchema-instance"
    xsi:schemaLocation="http://www.loc.gov/MARC21/slim http://www.loc.gov/standards/marcxml/schema/MARC21slim.xsd"
    xmlns="http://www.loc.gov/MARC21/slim">

  <leader>01148cam a2200253 a 4500</leader>
  <controlfield tag="003">Biblioteca Akishino</controlfield>
  <controlfield tag="005">20260601200046.0</controlfield>
  <controlfield tag="008">100525s2025    ar     | |||| 000 f spa  </controlfield>
  <datafield tag="020" ind1=" " ind2=" ">
    <subfield code="a">9789569673535</subfield>
  </datafield>
  <datafield tag="040" ind1=" " ind2=" ">
    <subfield code="a">SpMaBN</subfield>
    <subfield code="c">SpMaBN</subfield>
    <subfield code="e">rdc</subfield>
  </datafield>
  <datafield tag="041" ind1="1" ind2=" ">
    <subfield code="a">spa</subfield>
    <subfield code="h">jpn</subfield>
  </datafield>
  <datafield tag="082" ind1="0" ind2=" ">
    <subfield code="a">895.634</subfield>
    <subfield code="b">SO715ku.E 2025</subfield>
  </datafield>
  <datafield tag="100" ind1="1" ind2=" ">
    <subfield code="a">Natsume, S&#x14D;seki,</subfield>
    <subfield code="d">1867-1916</subfield>
    <subfield code="9">105</subfield>
  </datafield>
  <datafield tag="240" ind1="1" ind2="0">
    <subfield code="a">Kusamakura.</subfield>
    <subfield code="l">Espa&#xF1;ol</subfield>
  </datafield>
  <datafield tag="245" ind1="1" ind2="0">
    <subfield code="a">Mi almohada de hierbas /</subfield>
    <subfield code="c">Natsume Soseki ; traducci&#xF3;n de Amalia Sato y Alejandro G&#xFC;erri.</subfield>
  </datafield>
  <datafield tag="250" ind1=" " ind2=" ">
    <subfield code="a">1a ed.</subfield>
  </datafield>
  <datafield tag="260" ind1=" " ind2=" ">
    <subfield code="a">Argentina :</subfield>
    <subfield code="b">Abducci&#xF3;n,</subfield>
    <subfield code="c">2025.</subfield>
  </datafield>
  <datafield tag="520" ind1=" " ind2=" ">
    <subfield code="a">En esta novela haiku, un artista viaja a un remoto pueblo de monta&#xF1;a buscando la distancia necesaria para transformar la vida en arte. Sus observaciones que mezclan poes&#xED;a, pintura y reflexi&#xF3;n se convierten en una suerte de cuaderno de notas para creadores, una declaraci&#xF3;n est&#xE9;tica en la que los gestos cotidianos se examinan como si fueran parte de un vasto lienzo.</subfield>
  </datafield>
  <datafield tag="650" ind1=" " ind2="7">
    <subfield code="a">Narrativa japonesa</subfield>
    <subfield code="2">LOCAL</subfield>
    <subfield code="9">1368</subfield>
  </datafield>
  <datafield tag="655" ind1=" " ind2="0">
    <subfield code="a">Novela</subfield>
    <subfield code="9">1469</subfield>
  </datafield>
  <datafield tag="700" ind1="1" ind2=" ">
    <subfield code="a">Sato, Amalia</subfield>
    <subfield code="e">tr.</subfield>
    <subfield code="9">179</subfield>
  </datafield>
  <datafield tag="700" ind1="1" ind2=" ">
    <subfield code="a">G&#xFC;erri, Alejandro,</subfield>
    <subfield code="d">1976-</subfield>
    <subfield code="e">tr.</subfield>
    <subfield code="9">1681</subfield>
  </datafield>
  <datafield tag="942" ind1=" " ind2=" ">
    <subfield code="2">ddc</subfield>
    <subfield code="c">LIBRO</subfield>
  </datafield>
  <datafield tag="952" ind1=" " ind2=" ">
    <subfield code="0">0</subfield>
    <subfield code="1">0</subfield>
    <subfield code="2">ddc</subfield>
    <subfield code="6">895_634000000000000_SO715KU_E_2025</subfield>
    <subfield code="7">0</subfield>
    <subfield code="8">ESPA&#xD1;OL-INGL&#xC9;S</subfield>
    <subfield code="9">1512</subfield>
    <subfield code="d">2026-06-01</subfield>
    <subfield code="e">Compra</subfield>
    <subfield code="l">1</subfield>
    <subfield code="o">895.634 SO715ku.E 2025</subfield>
    <subfield code="p">002965</subfield>
    <subfield code="q">2026-06-30</subfield>
    <subfield code="r">2026-06-16</subfield>
    <subfield code="s">2026-06-16</subfield>
    <subfield code="w">2026-06-01</subfield>
    <subfield code="y">LIBRO</subfield>
  </datafield>
  <datafield tag="999" ind1=" " ind2=" ">
    <subfield code="c">946</subfield>
    <subfield code="d">946</subfield>
  </datafield>
</record>
